Ingeniería química /

Guardado en:
Autor Principal: Costa Novella, E.
Otros Autores: Calleja Pardo, G. (Colaborador)
Formato: Libro
Idioma:Spanish
Publicado: [Madrid] : Alhambra, 1983-<1988>.
Series:Alhambra universidad
Materias:
Etiquetas: Agregar Etiqueta
Sin Etiquetas, Sea el primero en etiquetar este registro!
LEADER 01239nam a22002775a 4500
001 EIQ.libpla002824
008 070829m19831988sp#a#####b####000#0#spa#d
005 20071102163152.0
245 1 0 |a Ingeniería química /  |c E. Costa Novella ; con la colaboración de G. Calleja Pardo... [et al.]. 
260 |a [Madrid] :  |b Alhambra,  |c 1983-<1988>. 
300 |a v. :  |b il. ;  |c 24 cm. 
440 0 |a Alhambra universidad 
504 |a Incluye referencias bibliográficas. 
505 0 |a 1. Conceptos generales - 2. Fenómenos de transporte - 3. Flujo de fluidos - 4. Transmisión del calor - 5. pte. 1. Tranferencia de materia 
020 |a 8420509892 (obra completa) 
020 |a 8420509906 (v. 1) 
020 |a 8420511196 (v. 3) 
100 1 |a Costa Novella, E. 
700 1 |a Calleja Pardo, G.  |4 clb 
650 4 |a Procesos  |x Quimica industrial. 
650 4 |a Processes  |x Industrial chemistry. 
040 |a AR-BbSID  |b spa  |c AR-BbSID 
859 |a AR-BbSID  |b BIB. PLAPIQUI  |h 660.284 2  |i C 82  |p 1041  |v Vol. 1  |3 Vol. 1 
859 |a AR-BbSID  |b BIB. PLAPIQUI  |h 660.284 2  |i C 82  |p 2729  |v Vol. 2  |3 Vol. 2 
859 |a AR-BbSID  |b BIB. PLAPIQUI  |h 660.284 2  |i C 82  |p 2922  |t Ej. 1  |v Vol. 3 Ej. 1  |3 Vol. 3 
859 |a AR-BbSID  |b BIB. PLAPIQUI  |h 660.284 2  |i C 82  |p 1408  |t Ej. 2  |v Vol. 3  |3 Vol. 3